Principios básicos de química

Salvato in:
Dettagli Bibliografici
Autori principali: Gray, Harry B (Autore), Haight, Gilbert P (Autore)
Natura: Libro
Lingua:spagnolo
Pubblicazione: Barcelona Reverté 1969
Soggetti:
Tags: Aggiungi Tag
Nessun Tag, puoi essere il primo ad aggiungerne!!

MARC

LEADER 00000nam a2200000 a 4500
001 UCT1460
003 CL-VaPUC
008 960927e19690000SP |||||||||||||||||spa|d
082 0 4 |a 540  |b GRA  |2 21 
100 |a Gray, Harry B  |e author  |9 373089 
700 |a Haight, Gilbert P  |e author  |9 373090 
245 1 0 |a Principios básicos de química 
300 |a 615 p 
942 |c BK 
945 |d 19960927 00:00:00  |a paguirre 
260 |a Barcelona  |b Reverté  |c 1969 
650 0 |a Química  |9 259896 
650 0 |a Propiedades químicas   |9 345805 
650 0 |a Moléculas   |9 259584 
650 0 |a Cinética  |9 260943 
650 0 |a Estructura atómica   |9 259944 
650 0 |a Átomos  |9 259583 
650 0 |a Reacciones químicas  |9 259438 
583 |a last modification  |c 19960927 00:00:00  |k Rodrigo Vera 
999 |c 251982  |d 251980 
952 |0 0  |1 0  |4 0  |6 540_000000000000000_GRA_1969  |7 0  |8 A  |9 271540  |a BIBCUR  |b BIBCUR  |d 2019-11-19  |i 2577488  |o 540 GRA 1969  |p 2577488  |r 2025-04-22  |w 2019-11-19  |y BK  |k BCB 
952 |0 0  |1 0  |4 0  |6 540_000000000000000_GRA_1969  |7 0  |8 A  |9 271541  |a BIBCUR  |b BIBCUR  |d 2019-11-19  |i 1750100  |o 540 GRA 1969  |p 1750100  |r 2025-04-22  |w 2019-11-19  |y BK  |k BCB 
952 |0 0  |1 0  |4 0  |6 540_000000000000000_GRA_1969  |7 0  |8 A  |9 271542  |a BIBCUR  |b BIBCUR  |d 2019-11-19  |i 1448315  |o 540 GRA 1969  |p 1448315  |r 2025-04-22  |w 2019-11-19  |y BK  |k BCB